ბათუმის შოთა რუსთაველის სახელმწიფო უნივერსიტეტის ბიბლიოთეკა

ქართველი მწერლები და ხალხური შემოქმედება წ. 1 / (ბიბ.ჩანაწერი № 55889)

000 -ლიდერი
ფიქსირებული სიგრძის საკონტროლო ველი 01173nam a2200253Ia 4500
001 - საკონტროლო ნომერი
საკონტროლო ველი 22987
003 - საკონტროლო ნომრის იდენტიფიკატორი
საკონტროლო ველი GE_BSU
005 - ბოლო ოპერაციის თარიღი და დრო
საკონტროლო ველი 20230614152358.0
008 - ფიქსირებული სიგრძის მონაცემთა ელემენტები - ზოგადი ინფორმაცია
ფიქსირებული სიგრძის საკონტროლო ველი 181216s ||||ge |||||||||||||| ||geo||
040 ## - კატალოგიზაციის წყარო
Transcribing agency GE_BSU
041 ## - ენის კოდი
Language code of text/sound track or separate title geo
080 ## - უნივერსალური ათობითი კლასიფიკაციის ინდექსი
Universal Decimal Classification number 821.353.1-91.09+398(479.22) ს-56
100 ## - მთავარი ჩანაწერი - პიროვნების სახელი
Personal name სიხარულიძე, ქსენია
9 (RLIN) 18446
245 ## - ცნობა სათაურის შესახებ
Title ქართველი მწერლები და ხალხური შემოქმედება წ. 1 /
Statement of responsibility, etc ქსენია სიხარულიძე ; რედ. პლ. ბებია.
264 ## - წარმოების, გამოცემის, დისტრიბუციის და სხვა ცნობები
გამოცემის, წარმოების, დისტრიბუციის... ადგილი თბილისი :
გამოცემის, წარმოების, დისტრიბუციის... სახელწოდება სახელგამი,
გამოცემის, წარმოების, დისტრიბუციის... თარიღი 1956.
300 ## - ფიზიკური აღწერა
Extent 278 გვ. ;
Dimensions 21სმ.
504 ## - BIBLIOGRAPHY, ETC. NOTE
Bibliography, etc ბიბლიოგრაფია შენიშვნებში
653 ## - INDEX TERM--UNCONTROLLED
Uncontrolled term ქართველი მწერლები და ხალხური შემოქმედება წ. 1 /
653 ## - INDEX TERM--UNCONTROLLED
Uncontrolled term ქართველი მწერლები
653 ## - INDEX TERM--UNCONTROLLED
Uncontrolled term ქართული ფოლკლორი
700 ## - ADDED ENTRY--PERSONAL NAME
Personal name ბებია, პლ.
Relator term რედაქტორი
9 (RLIN) 18706
942 ## - ADDED ENTRY ELEMENTS (KOHA)
Koha item type წიგნი
Source of classification or shelving scheme
ეგზემპლარები
ჩამოწერის სტატუსი დაკარგული ეგზემპლარის სტატუსი კლასიფიკაციის წყარო ან თაროზე გაწყობის სქემა დაზიანების სტატუსი არ გაიცემა მუდმივი მდებარეობა (დაცვის ადგილი) ამჟამინდელი ადგილსამყოფელი თაროზე განთავსების ადგილი შეძენის თარიღი ღირებულება, შესყიდვის ნორმალური ფასი სრული შენახვის შიფრი შტრიხკოდი ბოლო ოპერაციის თარიღი ეგზემპლარის მიმდევრობითი ნომერი (კეტერი?) ფასის ძალაში შესვლის თარიღი ეგზემპლარის სახეობა საჯარო შენიშვნა
          ბათუმის შოთა რუსთაველის სახელმწიფო უნივერსიტეტის მთავარი ბიბლიოთეკა ბათუმის შოთა რუსთაველის სახელმწიფო უნივერსიტეტის მთავარი ბიბლიოთეკა წიგნსაცავი 2018-12-17 1.48 821.353.1-91.09+398(479.22) ს-56 58400 2018-12-17 58400 2018-12-17 წიგნი 1.48 ₾.